000 006030000a22001810004500
003 MACL
005 20160406143136.0
008 160406b xxu||||| |||| 00| 0 eng d
040 _aMACL
_cMACL
041 _aHindi
082 _a500
100 _aभाटिया सुदर्शन्‍
_917524
245 _aबिन पानी सब सून बचाऍ पानी बूंद-बूंद
260 _aनई दिल्‍ली
_bप्रगतिशील प्रकाशन
_c2012
350 _a350
650 _aविज्ञान
_950793
942 _cHIN
_k500
_2ddc
999 _c48628
_d48628